La bourgeoisie chinoise à l'átranger, instrument de Pékin dans le sud-est asiatique
Shranjeno v:
| Glavni avtor: | |
|---|---|
| Format: | Knjiga |
| Jezik: | Undetermined |
| Izdano: |
Moscou
Editions du Progrès
1976
|
| Teme: | |
| Oznake: |
Označite
Brez oznak, prvi označite!
|
| Thư viện lưu trữ: | Trung tâm Học liệu Trường Đại học Cần Thơ |
|---|
| LEADER | 00532nam a2200181Ia 4500 | ||
|---|---|---|---|
| 001 | CTU_89229 | ||
| 008 | 210402s9999 xx 000 0 und d | ||
| 082 | |a 959 | ||
| 082 | |b A558 | ||
| 100 | |a Andréev, M. | ||
| 245 | 0 | |a La bourgeoisie chinoise à l'átranger, instrument de Pékin dans le sud-est asiatique | |
| 245 | 0 | |c M. Andréev | |
| 260 | |a Moscou | ||
| 260 | |b Editions du Progrès | ||
| 260 | |c 1976 | ||
| 650 | |a Asia, southeastern | ||
| 904 | |i Bằng | ||
| 980 | |a Trung tâm Học liệu Trường Đại học Cần Thơ | ||